<?xml version="1.0" encoding="UTF-8"?>
<record
    xmlns:xsi="http://www.w3.org/2001/XMLSchema-instance"
    xsi:schemaLocation="http://www.loc.gov/MARC21/slim http://www.loc.gov/standards/marcxml/schema/MARC21slim.xsd"
    xmlns="http://www.loc.gov/MARC21/slim">

  <leader>00966nam a2200277 a 4500</leader>
  <controlfield tag="005">20240802103154.0</controlfield>
  <controlfield tag="008">100322e2019||||sp a   f |||| 001 0 spa d</controlfield>
  <datafield tag="020" ind1=" " ind2=" ">
    <subfield code="a">9788491134688</subfield>
  </datafield>
  <datafield tag="041" ind1=" " ind2=" ">
    <subfield code="a">spa</subfield>
  </datafield>
  <datafield tag="092" ind1=" " ind2=" ">
    <subfield code="c">611.022</subfield>
    <subfield code="s">55</subfield>
    <subfield code="l">NET</subfield>
  </datafield>
  <datafield tag="100" ind1="1" ind2=" ">
    <subfield code="a">Netter, Frank H.</subfield>
    <subfield code="9">147</subfield>
  </datafield>
  <datafield tag="245" ind1=" " ind2=" ">
    <subfield code="a">Atlas de Anatom&#xED;a Humana /  </subfield>
    <subfield code="c">Frank H. Netter.</subfield>
  </datafield>
  <datafield tag="250" ind1=" " ind2=" ">
    <subfield code="a">7a ed. versi&#xF3;n en espa&#xF1;ol de la obra original en ingl&#xE9;s</subfield>
    <subfield code="b">Traducci&#xF3;n Elsevier Espa&#xF1;a</subfield>
  </datafield>
  <datafield tag="260" ind1=" " ind2=" ">
    <subfield code="a">Barcelona: </subfield>
    <subfield code="b">Elsevier;</subfield>
    <subfield code="c">2019.</subfield>
  </datafield>
  <datafield tag="300" ind1=" " ind2=" ">
    <subfield code="a">535 p.</subfield>
    <subfield code="b">il. tablas</subfield>
  </datafield>
  <datafield tag="500" ind1=" " ind2=" ">
    <subfield code="a">Netter, F. H. (2019). Atlas de anatom&#xED;a humana. (7a ed.). Barcelona : Elsevier ; Masson. </subfield>
  </datafield>
  <datafield tag="590" ind1=" " ind2=" ">
    <subfield code="a">Ejemplar devuelto mojado por Candelaria Fernandez, queda pendiente la reposicion del mismo.</subfield>
  </datafield>
  <datafield tag="653" ind1=" " ind2=" ">
    <subfield code="a">Cabeza y cuello</subfield>
  </datafield>
  <datafield tag="653" ind1=" " ind2=" ">
    <subfield code="a">Dorso y m&#xE9;dula espinal</subfield>
  </datafield>
  <datafield tag="653" ind1=" " ind2=" ">
    <subfield code="a">T&#xF3;rax</subfield>
  </datafield>
  <datafield tag="653" ind1=" " ind2=" ">
    <subfield code="a">Abdomen</subfield>
  </datafield>
  <datafield tag="653" ind1=" " ind2=" ">
    <subfield code="a">Pelvis y perin&#xE9;</subfield>
  </datafield>
  <datafield tag="653" ind1=" " ind2=" ">
    <subfield code="a">Miembro superior</subfield>
  </datafield>
  <datafield tag="653" ind1=" " ind2=" ">
    <subfield code="a">Miembro inferior</subfield>
  </datafield>
  <datafield tag="942" ind1=" " ind2=" ">
    <subfield code="2">ddc</subfield>
    <subfield code="c">BK</subfield>
    <subfield code="0">4</subfield>
  </datafield>
  <datafield tag="999" ind1=" " ind2=" ">
    <subfield code="c">3018</subfield>
    <subfield code="d">3018</subfield>
  </datafield>
  <datafield tag="952" ind1=" " ind2=" ">
    <subfield code="0">0</subfield>
    <subfield code="1">0</subfield>
    <subfield code="2">ddc</subfield>
    <subfield code="4">0</subfield>
    <subfield code="7">0</subfield>
    <subfield code="a">BFM</subfield>
    <subfield code="b">BFM</subfield>
    <subfield code="c">CR</subfield>
    <subfield code="d">2019-08-02</subfield>
    <subfield code="e">Compra UNComa, Julio 2019</subfield>
    <subfield code="g">4500.00</subfield>
    <subfield code="l">80</subfield>
    <subfield code="m">20</subfield>
    <subfield code="o">611.022 55 NET</subfield>
    <subfield code="p">4446</subfield>
    <subfield code="r">2026-04-16</subfield>
    <subfield code="s">2026-04-09</subfield>
    <subfield code="t">Ej.26</subfield>
    <subfield code="w">2019-08-02</subfield>
    <subfield code="y">BK</subfield>
    <subfield code="z">Compra UNComa, Julio 2019</subfield>
  </datafield>
  <datafield tag="952" ind1=" " ind2=" ">
    <subfield code="0">0</subfield>
    <subfield code="1">0</subfield>
    <subfield code="2">ddc</subfield>
    <subfield code="4">0</subfield>
    <subfield code="7">0</subfield>
    <subfield code="a">BFM</subfield>
    <subfield code="b">BFM</subfield>
    <subfield code="c">CR</subfield>
    <subfield code="d">2019-08-02</subfield>
    <subfield code="e">Compra UNComa, Julio 2019</subfield>
    <subfield code="g">4500.00</subfield>
    <subfield code="l">64</subfield>
    <subfield code="m">10</subfield>
    <subfield code="o">611.022 55 NET</subfield>
    <subfield code="p">4445</subfield>
    <subfield code="q">2026-06-09</subfield>
    <subfield code="r">2026-05-21</subfield>
    <subfield code="s">2026-05-21</subfield>
    <subfield code="t">Ej.25</subfield>
    <subfield code="w">2019-08-02</subfield>
    <subfield code="y">BK</subfield>
    <subfield code="z">Compra UNComa, Julio 2019</subfield>
  </datafield>
  <datafield tag="952" ind1=" " ind2=" ">
    <subfield code="0">0</subfield>
    <subfield code="1">0</subfield>
    <subfield code="2">ddc</subfield>
    <subfield code="4">0</subfield>
    <subfield code="7">0</subfield>
    <subfield code="a">BFM</subfield>
    <subfield code="b">BFM</subfield>
    <subfield code="c">CR</subfield>
    <subfield code="d">2019-08-02</subfield>
    <subfield code="e">Compra UNComa, Julio 2019</subfield>
    <subfield code="g">4500.00</subfield>
    <subfield code="l">64</subfield>
    <subfield code="m">9</subfield>
    <subfield code="o">611.022 55 NET</subfield>
    <subfield code="p">4444</subfield>
    <subfield code="q">2026-06-12</subfield>
    <subfield code="r">2026-06-05</subfield>
    <subfield code="s">2026-06-05</subfield>
    <subfield code="t">Ej.24</subfield>
    <subfield code="w">2019-08-02</subfield>
    <subfield code="y">BK</subfield>
    <subfield code="z">Compra UNComa, Julio 2019</subfield>
  </datafield>
  <datafield tag="952" ind1=" " ind2=" ">
    <subfield code="0">0</subfield>
    <subfield code="1">0</subfield>
    <subfield code="2">ddc</subfield>
    <subfield code="4">0</subfield>
    <subfield code="7">0</subfield>
    <subfield code="a">BFM</subfield>
    <subfield code="b">BFM</subfield>
    <subfield code="c">CR</subfield>
    <subfield code="d">2019-08-02</subfield>
    <subfield code="e">Compra UNComa, Julio 2019</subfield>
    <subfield code="g">4500.00</subfield>
    <subfield code="l">73</subfield>
    <subfield code="m">14</subfield>
    <subfield code="o">611.022 55 NET</subfield>
    <subfield code="p">4443</subfield>
    <subfield code="q">2026-06-08</subfield>
    <subfield code="r">2026-05-27</subfield>
    <subfield code="s">2026-05-27</subfield>
    <subfield code="t">Ej.23</subfield>
    <subfield code="w">2019-08-02</subfield>
    <subfield code="y">BK</subfield>
    <subfield code="z">Compra UNComa, Julio 2019</subfield>
  </datafield>
  <datafield tag="952" ind1=" " ind2=" ">
    <subfield code="0">0</subfield>
    <subfield code="1">0</subfield>
    <subfield code="2">ddc</subfield>
    <subfield code="4">0</subfield>
    <subfield code="7">0</subfield>
    <subfield code="a">BFM</subfield>
    <subfield code="b">BFM</subfield>
    <subfield code="c">CR</subfield>
    <subfield code="d">2019-08-02</subfield>
    <subfield code="e">Compra UNComa, Julio 2019</subfield>
    <subfield code="g">4500.00</subfield>
    <subfield code="l">82</subfield>
    <subfield code="m">13</subfield>
    <subfield code="o">611.022 55 NET</subfield>
    <subfield code="p">4442</subfield>
    <subfield code="q">2026-06-12</subfield>
    <subfield code="r">2026-06-05</subfield>
    <subfield code="s">2026-06-05</subfield>
    <subfield code="t">Ej.22</subfield>
    <subfield code="w">2019-08-02</subfield>
    <subfield code="y">BK</subfield>
    <subfield code="z">Compra UNComa, Julio 2019</subfield>
  </datafield>
  <datafield tag="952" ind1=" " ind2=" ">
    <subfield code="0">0</subfield>
    <subfield code="1">0</subfield>
    <subfield code="2">ddc</subfield>
    <subfield code="4">0</subfield>
    <subfield code="7">0</subfield>
    <subfield code="a">BFM</subfield>
    <subfield code="b">BFM</subfield>
    <subfield code="c">CR</subfield>
    <subfield code="d">2019-08-02</subfield>
    <subfield code="e">Compra UNComa, Julio 2019</subfield>
    <subfield code="g">4500.00</subfield>
    <subfield code="l">91</subfield>
    <subfield code="m">19</subfield>
    <subfield code="o">611.022 55 NET</subfield>
    <subfield code="p">4441</subfield>
    <subfield code="r">2026-04-28</subfield>
    <subfield code="s">2026-04-20</subfield>
    <subfield code="t">Ej.21</subfield>
    <subfield code="w">2019-08-02</subfield>
    <subfield code="y">BK</subfield>
    <subfield code="z">Compra UNComa, Julio 2019</subfield>
  </datafield>
  <datafield tag="952" ind1=" " ind2=" ">
    <subfield code="0">0</subfield>
    <subfield code="1">0</subfield>
    <subfield code="2">ddc</subfield>
    <subfield code="4">0</subfield>
    <subfield code="7">0</subfield>
    <subfield code="a">BFM</subfield>
    <subfield code="b">BFM</subfield>
    <subfield code="c">CR</subfield>
    <subfield code="d">2019-08-02</subfield>
    <subfield code="e">Compra UNComa, Julio 2019</subfield>
    <subfield code="g">4500.00</subfield>
    <subfield code="l">17</subfield>
    <subfield code="m">5</subfield>
    <subfield code="o">611.022 55 NET</subfield>
    <subfield code="p">4449</subfield>
    <subfield code="r">2026-04-16</subfield>
    <subfield code="s">2026-04-09</subfield>
    <subfield code="t">Ej.29</subfield>
    <subfield code="w">2019-08-02</subfield>
    <subfield code="y">BK</subfield>
    <subfield code="z">Mojado por Fernandez Candelaria</subfield>
  </datafield>
  <datafield tag="952" ind1=" " ind2=" ">
    <subfield code="0">0</subfield>
    <subfield code="1">0</subfield>
    <subfield code="2">ddc</subfield>
    <subfield code="4">0</subfield>
    <subfield code="7">0</subfield>
    <subfield code="a">BFM</subfield>
    <subfield code="b">BFM</subfield>
    <subfield code="c">CR</subfield>
    <subfield code="d">2019-08-02</subfield>
    <subfield code="e">Compra UNComa, Julio 2019</subfield>
    <subfield code="g">4500.00</subfield>
    <subfield code="l">73</subfield>
    <subfield code="m">19</subfield>
    <subfield code="o">611.022 55 NET</subfield>
    <subfield code="p">4448</subfield>
    <subfield code="q">2026-06-09</subfield>
    <subfield code="r">2026-06-02</subfield>
    <subfield code="s">2026-06-02</subfield>
    <subfield code="t">Ej.28</subfield>
    <subfield code="w">2019-08-02</subfield>
    <subfield code="y">BK</subfield>
    <subfield code="z">Compra UNComa, Julio 2019</subfield>
  </datafield>
  <datafield tag="952" ind1=" " ind2=" ">
    <subfield code="0">0</subfield>
    <subfield code="1">0</subfield>
    <subfield code="2">ddc</subfield>
    <subfield code="4">0</subfield>
    <subfield code="7">0</subfield>
    <subfield code="a">BFM</subfield>
    <subfield code="b">BFM</subfield>
    <subfield code="c">CR</subfield>
    <subfield code="d">2019-08-02</subfield>
    <subfield code="e">Compra UNComa, Julio 2019</subfield>
    <subfield code="g">4500.00</subfield>
    <subfield code="l">84</subfield>
    <subfield code="m">18</subfield>
    <subfield code="o">611.022 55 NET</subfield>
    <subfield code="p">4447</subfield>
    <subfield code="q">2026-06-08</subfield>
    <subfield code="r">2026-05-27</subfield>
    <subfield code="s">2026-05-27</subfield>
    <subfield code="t">Ej.27</subfield>
    <subfield code="w">2019-08-02</subfield>
    <subfield code="y">BK</subfield>
    <subfield code="z">Compra UNComa, Julio 2019</subfield>
  </datafield>
</record>
